000 00981nam a2200241 i 4500
001 125251
003 ES-MaACL
005 20250825062605.0
007 t|
008 070508s1926 sp |||| | spa d
080 _a821.134.2-22"19"
100 1 _aBenavente, Jacinto,
_d1866-1954
_927443
245 1 4 _aLos intereses creados
_b: comedia de polichinelas en dos actos, tres cuadros y un prólogo ; y La ciudad alegre y confiada : comedia en tres cuadros y un prólogo : 2ª parte de Los intereses creados /
_cJacinto Benavente.
260 _aMadrid :
_bPrensa Moderna,
_c1926.
300 _a143 p. ;
_c17 cm.
490 1 _aEl Teatro moderno ;
_v53
500 _aPremio Nobel de literatura de 1922.
500 _aEstrenada en el Teatro Lara el 9 de diciembre de 1907 y el 18 de mayo de 1916 respectivamente.
740 3 2 _aLa ciudad alegre y confiada.
830 0 3 _aEl teatro moderno (Prensa Moderna)
_v53
_9182365
852 _aES-MaACL
_j2221-F-18
999 _c125251
_d125251